000 00334nam a2200133Ia 4500
008 190723s9999 xx 000 0 und d
020 _a978-93-325-8482-2
100 _aDessler Gary
245 0 _aFundamantals of Human Resource Management
250 _a4th
260 _auttar Pardesh
_bPearson
_c2018
300 _a558.p
942 _cBK
999 _c1932
_d1932